Vraj lieči a ochraňuje prosia o zdravie

Bibliographic Details
Main Author: Václavková, Viera (Author, Photographer)
Format: Article
Language:Slovak
PhysicalDescription:Fotogr.
ISSN:0139-6323
Subjects:

MARC

LEADER 00000nab a2200000 ar4500
001 vtls010038426
003 SK-MaSNL
005 20260303174300.0
008 100113c2009 xo mr|p|||||||000 b|slo
015 |a SNBRB2010/01 
038 |a SNSK 
040 |a SNSK  |b slo  |c SNSK  |e AACR2 
041 |a slo 
044 |a xo  |c SK 
080 |a 27-567  |x (497.6)  |2 2001 púte 
100 1 |a Václavková, Viera  |4 pht  |4 aut  |9 600913 
245 1 0 |a Vraj lieči a ochraňuje  |b prosia o zdravie  |c Viera Václavková 
300 |b Fotogr. 
650 0 7 |a pútnické miesta  |2 snsk  |9 3031 
650 0 7 |a kresťanské pútnické miesta  |2 snsk  |9 1201681 
650 0 7 |a náboženské púte  |2 snsk  |9 1967 
651 7 |a Medžugorje (Bosna a Hercegovina)  |2 snsk  |9 90651 
773 0 |t Život  |g Roč. 59, č. 38 (2009), s. 52-54  |x 0139-6323 
852 |a SNSK  |b KIS3GCP 
958 |a BH 
999 |c 2095913  |d 2097843